The Formula 1 World Champion Drivers - Statistics

General Stats
  • This quiz has been taken 25 times
  • The average score is 27 of 34
Answer Stats
Hint Answer % Correct
1988, 1990 and 1991 Ayrton Senna
95%
2005 and 2006 Fernando Alonso
95%
2008, 2014, 2015, 2017, 2018, 2019 and 2020 Lewis Hamilton
95%
2021, 2022, 2023 and 2024 Max Verstappen
95%
2010, 2011, 2012 and 2013 Sebastian Vettel
95%
1985, 1986, 1989 and 1993 Alain Prost
90%
1996 Damon Hill
90%
1962 and 1968 Graham Hill
90%
2009 Jenson Button
90%
2007 Kimi Räikkönen
90%
1994, 1995, 2000, 2001, 2002, 2003 and 2004 Michael Schumacher
90%
1998 and 1999 Mika Hakkinen
90%
1992 Nigel Mansell
90%
1975, 1977 and 1984 Niki Lauda
90%
1961 Phil Hill
90%
1997 Jacques Villeneuve
86%
1951, 1954, 1955, 1956 and 1957 Juan Manuel Fangio
86%
1982 Keke Rosberg
86%
1981, 1983 and 1987 Nelson Piquet
86%
2016 Nico Rosberg
86%
1972 and 1974 Emerson Fittipaldi
81%
1969, 1971 and 1973 Jackie Stewart
81%
1976 James Hunt
81%
1952 and 1953 Alberto Ascari
76%
1959, 1960 and 1966 Jack Brabham
76%
1963 and 1965 Jim Clark
71%
1980 Alan Jones
67%
1978 Mario Andretti
67%
1979 Jody Scheckter
62%
1950 Giuseppe Farina
57%
1970 Jochen Rindt
57%
1967 Denny Hulme
48%
1964 John Surtees
48%
1958 Mike Hawthorn
33%
No matching quizzes found
Score Distribution
Percent of People with Each Score
Percentile by Number Answered
Your Score History
You have not taken this quiz